[Event "Montigny le Bretonneux Noel op 15th"]
[Site "Montigny le Bretonneux"]
[Date "2012.12.29"]
[Round "5"]
[White "Jardin, Laurent"]
[Black "Canto, Jean Louis"]
[Result "0-1"]
[WhiteElo "1732"]
[BlackElo "1654"]
[PlyCount "85"]
[EventDate "2012.12.26"]
[EventType "swiss"]
[EventRounds "7"]
[EventCountry "FRA"]
[SourceTitle "CBM 152 Extra"]
[Source "ChessBase"]
[SourceDate "2013.02.25"]
[SourceVersion "1"]
[SourceVersionDate "2013.02.25"]
[SourceQuality "1"]

1. e4 c5 2. d4 cxd4 3. c3 dxc3 4. Nxc3 d6 5. Bc4 e6 6. Nf3 Nc6 7. 0-0 a6 8. Qe2 Be7 9. Rd1 Bd7 10. Bf4 e5 11. Be3 Nf6 12. h3 0-0 13. Bg5 Be6 14. Bxe6 fxe6 15. Qc4 Qd7 16. Rd2 b5 17. Qe2 Rad8 18. Rc1 Rc8 19. Rcd1 Ne8 20. a3 Nd4 21. Nxd4 Bxg5 22. Nxe6 Qxe6 23. Rd3 Rc7 24. Nd5 Rcf7 25. f3 Rd7 26. Qc2 Nf6 27. Nb6 Rdd8 28. Qc6 Ne8 29. Nd5 Qc8 30. Qb6 Rd7 31. Rc3 Qb7 32. Qa5 Bd8 33. Qb4 Nf6 34. Ne3 Be7 35. Qb3+ Kh8 36. Nf5 d5 37. Nxe7 Rxe7 38. exd5 Rd7 39. Qb4 Rfd8 40. d6 Nd5 41. Rxd5 Qxd5 42. Rc7 Rxd6 43. Qg4 0-1

[Event "Montigny le Bretonneux Noel op 15th"]
[Site "Montigny le Bretonneux"]
[Date "2012.12.28"]
[Round "4"]
[White "Canto, Jean Louis"]
[Black "Coulet, Alexandre"]
[Result "1-0"]
[WhiteElo "1654"]
[BlackElo "1491"]
[PlyCount "69"]
[EventDate "2012.12.26"]
[EventType "swiss"]
[EventRounds "7"]
[EventCountry "FRA"]
[SourceTitle "CBM 152 Extra"]
[Source "ChessBase"]
[SourceDate "2013.02.25"]
[SourceVersion "1"]
[SourceVersionDate "2013.02.25"]
[SourceQuality "1"]

1. e4 c5 2. Nf3 d6 3. d4 cxd4 4. Nxd4 Nf6 5. Nc3 Nc6 6. Be3 g6 7. Be2 Bg7 8. 0-0 0-0 9. Qd2 Bd7 10. f3 Rc8 11. Nxc6 Rxc6 12. Rfd1 Ne8 13. Bd4 Bxd4+ 14. Qxd4 Qb6 15. Qxb6 Rxb6 16. b3 e6 17. Rd2 f5 18. Rad1 fxe4 19. Nxe4 d5 20. Nc5 Bc8 21. Na4 Rd6 22. c4 Nc7 23. Nc3 Rfd8 24. Ne4 Ra6 25. cxd5 Ra5 26. b4 Ra3 27. d6 Nd5 28. Rxd5 exd5 29. Rxd5 Kg7 30. Bc4 Rxa2 31. Re5 Ra4 32. Re7+ Kh6 33. Nf6 Rxd6 34. Rxh7+ Kg5 35. Ne4+ 1-0

[Event "Montigny le Bretonneux Noel op 14th"]
[Site "Montigny le Bretonneux"]
[Date "2011.12.26"]
[Round "1.7"]
[White "Canto, Jean Louis"]
[Black "Duval, Sylvain"]
[Result "0-1"]
[WhiteElo "1624"]
[BlackElo "1975"]
[PlyCount "82"]
[EventDate "2011.12.26"]
[EventType "swiss"]
[EventRounds "7"]
[EventCountry "FRA"]
[SourceTitle "EXT 2014"]
[Source "ChessBase"]
[SourceDate "2013.11.20"]
[SourceVersion "1"]
[SourceVersionDate "2013.11.20"]
[SourceQuality "1"]

1. e4 c5 2. Nf3 g6 3. Nc3 Nc6 4. d4 cxd4 5. Nxd4 Bg7 6. Be3 Nf6 7. Be2 0-0 8. 0-0 d5 9. Nxc6 bxc6 10. e5 Nd7 11. f4 e6 12. Na4 Qa5 13. b3 c5 14. Bd2 Qc7 15. c4 Nb6 16. Ba5 Bd7 17. Nc3 Bc6 18. Nb5 Bxb5 19. cxb5 f6 20. Rc1 fxe5 21. fxe5 Qxe5 22. Rxf8+ Rxf8 23. Kh1 Qe3 24. Bd2 Qd4 25. Bf3 Nd7 26. Qe2 Qe5 27. Qd1 h5 28. Qc2 Qf5 29. Qd1 Be5 30. Bh6 Rf7 31. Bd2 Bf4 32. Bxf4 Qxf4 33. a4 Kg7 34. Rc3 d4 35. Rc4 e5 36. Rc1 e4 37. Be2 d3 38. Bf1 d2 39. Rb1 Qxf1+ 40. Qxf1 Rxf1+ 41. Rxf1 e3 0-1

[Event "Montigny le Bretonneux Noel op 12th"]
[Site "Montigny le Bretonneux"]
[Date "2009.12.27"]
[Round "3"]
[White "Guillot, Alain"]
[Black "Canto, Jean Louis"]
[Result "1/2-1/2"]
[WhiteElo "1755"]
[BlackElo "1610"]
[PlyCount "52"]
[EventDate "2009.12.26"]
[EventType "swiss"]
[EventRounds "7"]
[EventCountry "FRA"]
[SourceTitle "EXT 2011"]
[Source "ChessBase"]
[SourceDate "2010.11.26"]
[SourceVersion "1"]
[SourceVersionDate "2010.11.26"]
[SourceQuality "1"]

1. c4 c5 2. Nc3 Nf6 3. Nf3 Nc6 4. d4 cxd4 5. Nxd4 d6 6. e3 e6 7. Be2 Be7 8. 0-0 a6 9. b3 Bd7 10. Bf3 Rc8 11. Bb2 0-0 12. Re1 Re8 13. e4 Ne5 14. Be2 Qb6 15. Nf3 Nxf3+ 16. Bxf3 e5 17. Rc1 Red8 18. Qe2 Qa7 19. Rcd1 Qb8 20. Bc1 b5 21. Nd5 Nxd5 22. cxd5 Rc7 23. Bb2 Bg5 24. Bc1 Bxc1 25. Rxc1 Rdc8 26. Qd2 Rxc1 1/2-1/2

[Event "Montigny le Bretonneux Noel op 12th"]
[Site "Montigny le Bretonneux"]
[Date "2009.12.26"]
[Round "1"]
[White "Appavou, Calixte"]
[Black "Canto, Jean Louis"]
[Result "1/2-1/2"]
[WhiteElo "1885"]
[BlackElo "1610"]
[PlyCount "74"]
[EventDate "2009.12.26"]
[EventType "swiss"]
[EventRounds "7"]
[EventCountry "FRA"]
[SourceTitle "EXT 2011"]
[Source "ChessBase"]
[SourceDate "2010.11.26"]
[SourceVersion "1"]
[SourceVersionDate "2010.11.26"]
[SourceQuality "1"]

1. e4 c5 2. Nf3 d6 3. c3 Nc6 4. d4 cxd4 5. cxd4 e6 6. Nc3 Bd7 7. Be2 Nf6 8. 0-0 Be7 9. e5 dxe5 10. dxe5 Ng4 11. Bf4 f6 12. exf6 Nxf6 13. Ne5 0-0 14. Nxd7 Nxd7 15. Bd6 Nf6 16. Bxe7 Qxe7 17. Qa4 a6 18. Rad1 Rad8 19. h3 Kh8 20. Rxd8 Rxd8 21. Rd1 Nd5 22. Bf3 Nxc3 23. bxc3 Rxd1+ 24. Qxd1 Qd8 25. Qxd8+ Nxd8 26. Kf1 Kg8 27. Ke2 Kf8 28. Kd3 Ke7 29. Be4 h6 30. f4 b6 31. Kd4 Kd6 32. c4 Nf7 33. Bb7 a5 34. Be4 e5+ 35. fxe5+ Nxe5 36. Bd5 Nd7 37. Bf3 Ne5 1/2-1/2

[Event "FRA AJEC/5162 corr"]
[Site "France"]
[Date "2002.??.??"]
[Round "?"]
[White "Decarsin, Luc"]
[Black "Canto, Jean Louis"]
[Result "1-0"]
[WhiteElo "1954"]
[BlackElo "1850"]
[PlyCount "41"]
[EventDate "2002.03.??"]
[EventType "tourn (corr)"]
[EventRounds "8"]
[EventCountry "FRA"]
[SourceTitle "Corr 2004"]
[Source "ChessBase"]
[SourceDate "2003.04.28"]
[SourceVersion "3"]
[SourceVersionDate "2003.04.28"]
[SourceQuality "1"]

1. e4 c5 2. f4 Nc6 3. Nf3 d6 4. Bb5 Bd7 5. 0-0 e6 6. d3 a6 7. Bxc6 Bxc6 8. Nc3 Nf6 9. Qe2 Be7 10. e5 Ng4 11. exd6 Bxd6 12. Ng5 Nf6 13. f5 0-0 14. fxe6 Qc7 15. exf7+ Kh8 16. h3 Qd7 17. Be3 Be7 18. Rad1 h6 19. Nce4 hxg5 20. Nxg5 g6 21. Bd2 1-0